Villes de la saga Eragon - Statistiques

Statistiques générales
  • Ce quiz a été pris 41 fois
  • Le résultat moyen est 10 sur 38
Statistiques - réponses
Ville Appartenance % Correct
Urû'Baen Empire
85%
Carvahall Empire
71%
Dras-Leona Empire
59%
Ellesmera Elfes
59%
Gil'ead Empire
47%
Ceunon Empire
44%
Therinsford Empire
44%
Narda Empire
38%
Belatona Empire
35%
Aberon Surda
32%
Daret Empire
32%
Tronjheim Nains
32%
Arough Empire
29%
Ceris Elfes
29%
Feinster Empire
29%
Yazuac Empire
29%
Bullridge Empire
24%
Osilon Elfes
24%
Dauth Surda
21%
Furnost Empire
21%
Kuasta Empire
21%
Tarnag Nains
21%
Galfni Nains
18%
Cithrí Surda
15%
Dalgon Nains
15%
Hedarth Nains
15%
Melian Empire
15%
Buragh Nains
12%
Eoam Empire
12%
Nädindel Elfes
12%
Petrøvya Surda
12%
Sílthrim Elfes
12%
Doru Araeba Désertée
9%
Kirtan Elfes
9%
Orthíad Désertée
9%
Ília Fëon Elfes
6%
Lithgow Surda
6%
Reavstone Surda
3%
Aucun quiz correspondant
Distribution des résultats
% des personnes avec chaque résultat
Percentile par nombre de réponses
Votre historique - résultats
Vous n’avez pas pris ce quiz